| 000 | 02422nam a2200397 i 4500 | ||
|---|---|---|---|
| 003 | DR-UNIBE | ||
| 005 | 20260702153026.0 | ||
| 007 | ta | ||
| 008 | 260702e2007 dr ||||gr|||||||| |bspa d | ||
| 040 |
_aBIBLIOTECA UNIBE _bspa _dDO-SdBNP _cBNPHU _erda |
||
| 041 | _aspa | ||
| 082 |
_aRD 345.72930527 P328d 2007 _222 |
||
| 100 | 1 |
_aPaulino Baldera, Cristian de Jesús _eautor _9194006 |
|
| 245 | 1 | 4 |
_aLas diversas medidas de coerción y su aplicación en el proceso penal / _cCristian de Jesús Paulino Baldera. |
| 264 |
_aSanto Domingo, República Dominicana : _bCirculo de Estudio Jurídico Vegano, _c2007. |
||
| 300 |
_a387 páginas ; _c24 x 16 cm. |
||
| 336 |
_atexto _btxt _2rdacontent |
||
| 337 |
_asin mediación _bn _2rdamedia |
||
| 338 |
_avolumen _bnc _2rdacarrier |
||
| 504 | _aIncluye referencias bibliográficas (páginas: 384-387) e índice. | ||
| 505 | 0 | _aDedicatoria |Presentación |Prólogo |Introducción | Capítulo 1. Concepto y naturaleza jurídica de la prisión preventiva | Capítulo 2. La prisión preventiva en el Código de Procedimiento Criminal de 1884 | Capítulo 3. Fuente legal de prisión preventiva en el nuevo Código Procesal Penal (Ley 76-02) | Capítulo 4. Principios y condiciones para establecer la prisión preventiva en el nuevo Código Procesal Penal | Capítulo 5. Procedencia de la prisión preventiva | Capítulo 6. Duración de la prisión preventiva en la fase preliminar | Capítulo 7. Procedimiento que acuerda la prisión preventiva | Capítulo 8. Medidas alternativas a la prisión preventiva | Capítulo 9. Medidas cautelares reales | Capítulo 10. El arresto | Capítulo 11. Breve recopilación de la jurisprudencias garantistas | |
| 590 | _aInventariado, 2026/WG. | ||
| 650 | 7 |
_aCoacción (Derecho) _zRepública Dominicana _9194031 |
|
| 650 | 7 |
_aDetención preventiva _zRepública Dominicana _9194032 |
|
| 650 | 7 |
_aProcedimiento penal _zRepública Dominicana _915663 |
|
| 650 | 7 |
_2lemb _aProceso penal _955270 |
|
| 650 | 7 |
_aJurisprudencia penal _950252 |
|
| 650 | 7 | _aAdministración de justicia penal | |
| 650 | 7 |
_aDerecho penal _917405 |
|
| 650 | 7 |
_aMedidas cautelares _990471 |
|
| 650 | 7 |
_aRecursos provisionales _929411 |
|
| 700 | 1 |
_aGonzález Canahuate, L. Almanzor, _d1935- _eeditor _914808 |
|
| 700 | 1 |
_aÁlvarez Valencia, Hugo _eprologuista _952680 |
|
| 700 | 1 |
_aCampos Calderón, J. Federico _eintroducción _9194007 |
|
| 942 |
_2ddc _cLBS1 |
||
| 999 |
_c60998 _d60998 |
||